000 00351 a2200169 4500
001 179621
020 _a85-16-00472-4
040 _cMagnum
100 _aPorto, Cristina
240 1 0 _aA peteca do zeca
_lpor
245 1 0 _aA peteca do zeca
300 _a16
362 0 _a1991
440 1 _aModerna
697 _aLITERATURA INFANTIL
942 _cBK
999 _c179621
_d179621